|
|
|
|
| LEADER |
00000nab a2200000 ar4500 |
| 001 |
vtls008983481 |
| 003 |
SK-MaSNL |
| 005 |
20260318132817.0 |
| 008 |
070328c2007 xo ||||||o| 000 b|hun |
| 015 |
|
|
|a SNBRB2007/03
|2 snkbucl
|
| 038 |
|
|
|a SNKBUCL
|
| 040 |
|
|
|a DSZK
|b slo
|c DSZK
|e AACR2
|
| 041 |
0 |
|
|a hun
|
| 044 |
|
|
|a xo
|c SK
|
| 080 |
|
|
|a 792.22
|2 1997
|
| 100 |
1 |
|
|a Juhász Dósa, János,
|d 1969-
|4 aut
|9 667976
|
| 245 |
1 |
0 |
|a Vér, gyilkosság, obszcenitás - amennyit csak akartok
|b Martin McDonagh: Macskabaj, komáromi Jókai Színház
|c Juhász Dósa János
|
| 300 |
|
|
|b Fotogr.
|
| 500 |
|
|
|a Recenzovaná divadelná hra má slovenský názov Poručík z Inishmoru
|
| 600 |
1 |
7 |
|a McDonagh, Martin,
|d 1971-
|t Macskabaj
|2 snkbucl
|9 1225323
|
| 610 |
2 |
7 |
|a Jókaiho divadlo v Komárne - Komáromi Jókai Színház
|2 snkbucl
|9 32950
|
| 655 |
|
7 |
|a recenzie
|2 snkbucl
|9 21907
|
| 773 |
0 |
|
|t Szabad újság
|g Évf. XV, sz. 10 (2007), o. 11
|x 1335-6631
|
| 852 |
|
|
|a SNK
|b KIS3GCP
|
| 852 |
|
|
|a DSZK
|b KIS3GCP
|
| 958 |
|
|
|a HU
|
| 958 |
|
|
|a SK
|
| 958 |
|
|
|a RC
|
| 958 |
|
|
|a IE
|
| 999 |
|
|
|c 2154035
|d 2155965
|